Architecture inspirations 2 = : Architecture contemporaine : inspirations & tendances - Architektur-inspirationen 2 (Record no. 9774)

000 -LEADER
fixed length control field 00412nam a2200133Ia 4500
003 - CONTROL NUMBER IDENTIFIER
control field OSt
005 - DATE AND TIME OF LATEST TRANSACTION
control field 20220303140330.0
008 - FIXED-LENGTH DATA ELEMENTS--GENERAL INFORMATION
fixed length control field 220112s9999||||xx |||||||||||||| ||und||
020 ## - INTERNATIONAL STANDARD BOOK NUMBER
International Standard Book Number 9788499361000
082 ## - DEWEY DECIMAL CLASSIFICATION NUMBER
Classification number 728.37
245 #0 - TITLE STATEMENT
Title Architecture inspirations 2 = : Architecture contemporaine : inspirations & tendances - Architektur-inspirationen 2
260 ## - PUBLICATION, DISTRIBUTION, ETC. (IMPRINT)
Name of publisher, distributor, etc Prosperous; Multilingual edition
Date of publication, distribution, etc 2012
942 ## - ADDED ENTRY ELEMENTS (KOHA)
Source of classification or shelving scheme
Holdings
Withdrawn status Lost status Source of classification or shelving scheme Damaged status Koha normalized classification for sorting Not for loan Permanent location Current location Date acquired Source of acquisition Cost, normal purchase price Full call number Barcode Date last seen Cost, replacement price Price effective from Koha item type
        728_370000000000000   BMS College of Architecture, Design and Planning BMS College of Architecture, Design and Planning 2022-03-03 4 2367.18 728.37 AR-UG2360 2022-03-03 3156.24 2022-03-03 UG Books
Copyright © 2025, The Librarian, Library and Information Centre, BMSCA D&P, Bengaluru. All Rights Reserved
web counter

Powered by Koha